|
|
|
|
| LEADER |
00000nab a2200000 a 4500 |
| 001 |
vtls000309135 |
| 003 |
SK-MaSNL |
| 005 |
20260303175506.0 |
| 008 |
230120c1988 xo 0 slo |
| 015 |
|
|
|a SNBRB19rr/mm-uuuuu
|
| 035 |
|
|
|a CL0319256
|
| 035 |
|
|
|a urn:nbn:sk:snk-ab1smj
|
| 035 |
|
|
|a (urnnbn)urn:nbn:sk:snk:ar-a00h8n
|
| 035 |
|
|
|a (uuid)c5e3c829-5034-478c-8817-2878e9514ab4
|
| 040 |
|
|
|a SNKBUCL
|b slo
|c SNKBUCL
|e AACR2
|
| 041 |
0 |
|
|a slo
|
| 044 |
|
|
|a xo
|c SK
|
| 080 |
|
|
|a 792.077(091)
|2 1981
|
| 100 |
1 |
|
|a Čunderlík, Alexander,
|d 1917-1992
|4 aut
|9 189129
|
| 245 |
1 |
0 |
|a Z divadelných tradícií Tisovca
|b 2. 1919-1928
|c Alexander Čunderlík
|
| 300 |
|
|
|b Obr. 5.
|
| 650 |
0 |
7 |
|a ochotnícke divadlo
|2 snkbucl
|9 3349
|
| 651 |
|
7 |
|a Tisovec (Slovensko)
|2 snkbucl
|9 31510
|
| 655 |
|
7 |
|a články z novín a časopisov
|2 snkbucl
|9 267496
|
| 773 |
0 |
|
|t Javisko
|g Roč. 20, č. 2 (1988), s. 84-88
|
| 850 |
|
|
|a Slovenská národná knižnica v Martine
|a MTA001
|
| 852 |
|
|
|a SNK
|b KIS3GCP
|
| 954 |
|
|
|a odborná, vedecká literatúra pôvodná (slovenská)
|2 lita
|
| 958 |
|
|
|a OND
|
| 958 |
|
|
|a RK
|
| 958 |
|
|
|a EUIPO
|
| 958 |
|
|
|a article27
|
| 992 |
|
|
|a RBX
|
| 999 |
|
|
|c 2102124
|d 2104054
|